| 000 | 00416nam a22001697a 4500 | ||
|---|---|---|---|
| 005 | 20170925151451.0 | ||
| 008 | 170925b xxu||||| |||| 00| 0 eng d | ||
| 020 | _a978-81-224-3853-6 | ||
| 041 | _aeng | ||
| 082 | _a621.31 | ||
| 100 |
_aWadhwa,C L _93976 |
||
| 245 | _aGeneration Distribution and Utilization of Electrical Enenrgy | ||
| 250 | _aRev 3rd | ||
| 260 |
_bNew Age _c2015 |
||
| 300 | _a482 | ||
| 942 | _cBK | ||
| 999 |
_c5609 _d5607 |
||